Ako pracuje parlament informácie pre poslancov : III. volebné obdobie

Bibliographic Details
Corporate Author: Slovensko. Národná rada (Author)
Format: Book
Language:Slovak
PhysicalDescription:122 strán sch., 1 príl 20 cm
Published: Bratislava Kancelária Národnej rady Slovenskej republiky 2002
ISBN:8089052134
Edition:2. vydanie
Subjects:

MARC

LEADER 00000cam a2200000 a 4500
001 vtls001558256
003 SK-MaSNL
005 20260302073950.0
008 171201s2002 xo l f o00000 slo
015 |a SNBA2005/12-05555 
020 |a 8089052134  |q (brož.) 
035 |a VTK39584 
040 |a SNK  |b slo  |c SNK  |e AACR2 
041 0 |a slo 
043 |a e-xo--- 
044 |a xo  |c SK 
072 7 |a 342  |x Ústavné právo. Štátne právo  |2 konspekt 
080 |a 342.537.3/.5  |2 MDT-MRF 
080 |a 327  |2 MDT-MRF 
080 |a (437.6)  |2 MDT-MRF 
080 |a (094)  |2 MDT-MRF 
080 |a 342  |2 MDT-MRF 
110 1 |a Slovensko.  |b Národná rada  |4 aut  |9 165573 
245 1 0 |a Ako pracuje parlament  |b informácie pre poslancov : III. volebné obdobie  |c Národná rada Slovenskej republiky 
250 |a 2. vydanie 
260 |a Bratislava  |b Kancelária Národnej rady Slovenskej republiky  |c 2002 
300 |a 122 strán  |b sch., 1 príl  |c 20 cm 
506 |a 600 výtl. 
506 |a Interná publikácia 
610 1 7 |a Slovensko.  |b Národná rada  |2 SNKKA  |9 165573 
650 0 7 |a ústavné právo  |2 SNKPH  |9 2256 
650 0 7 |a zákonodarstvo  |2 SNKPH  |9 1153 
650 0 7 |a zahraničná politika  |2 SNKPH  |9 971 
650 0 7 |a poslanci  |2 SNKPH  |9 1797 
650 0 7 |a parlament  |2 SNKPH  |9 4811 
650 0 7 |a zákonodarné orgány  |2 SNKPH  |9 3645 
655 7 |a príručky  |2 SNKPH  |9 74364 
918 |a 80-89052-13-4 
958 |a OND 
968 |d 34 
999 |c 1163044  |d 1164974 
952 |a SNK  |b SNK  |y VYP  |7 0  |p 17A1537063  |o snkSC 121621 D1  |i snk2025/9065  |8 7  |0 0  |1 0  |4 0  |d 2025-06-09  |l 0  |r 2026-02-24 20:39:28  |w 2026-02-24 
952 |a SNK  |b SNK  |y PREZ  |7 0  |p 17A0489001  |o snkSC 121621  |i snk2005/18362  |8 0  |0 0  |1 0  |4 0  |d 2005-11-02  |l 0  |r 2025-06-02 00:00:00  |w 2026-02-24